[Event "Krynica zt"]
[Site "Krynica"]
[Date "1998.09.08"]
[Round "6"]
[White "Marin, Mihail"]
[Black "Kempinski, Robert"]
[Result "1/2-1/2"]
[WhiteElo "2530"]
[BlackElo "2545"]
[Annotator "Marin,M"]
[PlyCount "100"]
[EventDate "1998.09.02"]
[EventType "swiss"]
[EventRounds "9"]
[EventCountry "POL"]
[SourceTitle "CBM 067"]
[Source "ChessBase"]
[SourceDate "1998.11.30"]
[SourceVersion "2"]
[SourceVersionDate "1998.11.01"]
[SourceQuality "1"]

1. c4 {Ribli} Nf6 2. Nf3 g6 3. g3 Bg7 4. Bg2 d5 {Ribli: 'Dieser direkte Zug
soll die Lage im Zentrum klären. Ribli.'} 5. cxd5 Nxd5 6. O-O c5 (6... O-O {
Ribli} 7. d4 Nb6 8. Nc3 Nc6 9. d5 {Das ist eine Grundstellung der
Grünfeld-Indischen Verteidigung.} (9. e3 {Dieser Zug ist etwas passiver als
seine Alternative 9.d5.})) 7. Nc3 Nc6 8. Nxd5 (8. Ng5 $5 {[%cal Gg2a8] Ribli})
8... Qxd5 9. d3 O-O 10. Be3 Bxb2 (10... Bd7 11. Nd4 Qd6 12. Nxc6 Bxc6 13. Bxc6
Qxc6 14. Rc1 $14 (14. Rc1 {[%csl Rc5][%cal Gc1c6] Ribli} Qe6 (14... b6 15. b4
$16 {[%csl Rc5]}) 15. Rxc5 Qxa2 16. Rb5 b6 $11 {Nach den Vereinfachungen
entfaltet Weiß spürbaren Druck am Damenflügel nach z.B.16.Qa1,aber bei gutem
Spiel sollte Schwarz die Stellung halten können.})) 11. Rb1 (11. Nd4 $6 {Ribli}
Qd6 12. Nxc6 Bxa1 13. Qxa1 bxc6 14. Bh6 {[%csl Rg7][%cal Ra1g7,Rh6f8]} f6 15.
Bxf8 Kxf8 16. Rc1 {[%csl Rc5,Rc6] Schwarz hat Doppelbauern in der c-Linie,
aber immerhin einen Bauern mehr.} Rb8 17. Qc3 Bg4 18. Bf1 Rb5 19. Qa3 Qb8 $15)
11... Bf6 12. Qa4 (12. Nd4 {Ribli} Qxa2 13. Nxc6 bxc6 14. Bxc5 Bg4 15. f3 Be6
16. d4 Rfb8 (16... a5 17. f4 Bg4 18. Re1 Rab8 19. Ra1 Qe6 20. Qd2 Rb3 21. Rxa5
Rfb8 22. Ra2 Rb1 23. Rxb1 Rxb1+ 24. Kf2 Bh3 25. Ra8+ Kg7 26. Qa2 Qxa2 27. Rxa2
Bxg2 28. Kxg2 {1-0 Osterman,R-Mikhalchishin,A/SLO-chT 1993 (43)}) 17. Ra1 Qb2
18. e3 Rb3 19. Re1 Rc3 {1/2-1/2 Jirovsky,M-Babula,V/CZe-ch 1994 (19)}) 12...
Qd6 (12... Qd7) (12... Qd7 {Ribli} 13. Bxc5 Nd4 (13... b6 14. Bxb6 Nd4 $5 $13)
14. Qd1 Ne6 (14... Nxf3+ 15. Bxf3 Rb8 16. Bxa7 Ra8 17. Be3 Rxa2 18. Qb3 Ra5 19.
Rfc1 h5 20. Bh6 Re8 21. Bd2 Ra8 22. Be4 {1-0 Tal,M-Pribyl,J/Tallin 1973 (52)})
15. Be3 Rb8 16. d4 Rd8 17. Qb3 b6 18. Qa3 Bb7 19. Qxa7 Bxf3 20. Qxd7 Rxd7 21.
Bxf3 Nxd4 {1/2-1/2 Tal,M-Pytel,K/Skopje ol 1972 (37)}) (12... Nb4 {Ribli} 13.
a3 Na2 14. Ng5 Nc3 15. Bxd5 Nxa4 16. Ne4 Bd4 17. Bxb7 Bxb7 18. Rxb7 f5 19. Bxd4
fxe4 20. Be5 {1-0 Jans,V-Pribyl,J/Luhacovice 1973 (38)}) 13. Rfc1 Nd4 (13... b6
14. d4 $1 $16 (14. Rxb6 $5 {Ribli} axb6 15. Qxa8 Bh3 16. Qa6 Bxg2 17. Kxg2 {
Und Weiß hat Druck am Damenflügel.}) (14. Bh6 Rd8)) 14. Nxd4 cxd4 (14... Bxd4 {
Ribli} 15. Bxd4 cxd4 16. Bxb7 Bxb7 17. Rxb7 $14 {[%csl Ga4,Ra7,Gb7,Gc1] Die
weißen Figuren stehen sehr aktiv.}) 15. Bh6 Rd8 (15... Bg7 16. Bxg7 Kxg7 17.
Bxb7 Bxb7 18. Rxb7 {><a7, e7, d4 '+/=' Ribli.}) (15... Bd7 {Ribli} 16. Qa5 Rfc8
17. Bxb7 $16 {[%csl Ra7,Ra8,Gb7,Rc8] Und Weiß gewinnt den a7-Bauern.}) 16. Bxb7
Bxb7 17. Rxb7 a6 (17... Qd5 {Ribli} 18. Rxa7 Rxa7 19. Qxa7 Ra8 {Es scheint,
Schwarz gewinnt den Bauern zurück, aber seine Grundlinie ist schwach.} 20. Qc5
$16 {[%csl Rg8]} (20. Qa6 $16 {[%csl Rg8][%cal Rc1c8,Rc8g8]})) 18. Rc6 Qe5 (
18... Qd5 19. Qc4 (19. Rbb6 {Ribli} Qh5 $132 {[%cal Rh5h6,Rh5e2]}) 19... Qxc4
20. dxc4 $16 (20. dxc4 Rdc8 21. Ra7 Bg7)) 19. Rxa6 {'+/=' Ribli.} Rac8 (19...
Rxa6 {<->a8-h8} 20. Qxa6 Qxe2 21. Qb6 $18 {/\Rb8 Ribli: 'Ein Hauptmotiv in
dieser Partie: Schwarz hat Probleme auf der Grundreihe.'} (21. Qb6 {[%csl Gb6,
Gb7,Rd8,Rf6,Rg8,Gh6] Ribli Ein Hauptmotiv in dieser Partie: Schwarz hat
Probleme auf der Grundreihe.} Re8 22. Rb8 Qd1+ 23. Kg2 Qa4 {[%cal Ga4e8]} 24.
Qd8 $1 Qc6+ (24... Rxd8 25. Rxd8+) 25. f3 $18)) 20. Rc6 (20. Rd7 Re8 21. Rda7 {
Mircea Pavlov} Qh5 $142 $1 (21... Qxe2 22. Ra8 Red8 (22... Qg4 23. Qxe8+) 23.
Rxc8 Rxc8 24. Ra8 Qg4 25. Qe8+) (21... Bg7 22. Bxg7 Kxg7 23. Qd1 $16)) (20. Qd1
{Ribli In der Partie gibt Weiß den Bauern zurück und spielt nicht so passiv.}
g5 $132 {[%csl Rh6]} (20... Ra8 21. Raa7 Rxa7 22. Rxa7 g5 $132)) 20... Qxe2 (
20... Ra8 21. Qb3 Bg7 (21... Qxe2 22. Rxf6) 22. Bxg7 Kxg7 23. Rcc7 Re8 24. Qb2
$16) (20... Rxc6 {Ribli} 21. Qxc6 Qxe2 22. Qb6 $16 {Das ist eigentlich die
gleiche Stellung wie nach 19...Rxa6 20.Qxa6 Qxe2 21.Qb6.}) 21. Rxc8 Rxc8 22.
Qd7 (22. Qc6 Qe6 $1 (22... Qg4 23. Rd7 $18)) 22... Qe6 {'[]' Ribli.} (22... Ra8
{Ribli} 23. Qb5 $1 (23. Rc7 Qe6 24. Qxe6 fxe6 25. Rc2 $11) 23... Qe5 24. Qxe5
Bxe5 25. Rxe7 $16) 23. a4 {Ribli: 'Der entfernte Freibauer ist für Schwarz
gefährlich.'} Qxd7 (23... Bg7 24. Qxe6 fxe6 25. Bd2 $1 $16 (25. Bxg7 Kxg7 26.
Rb1 Rc3 27. Ra1 Rxd3 28. a5 Rc3 29. a6 d3 30. a7 d2 $11) (25. Bg5 Ra8)) 24.
Rxd7 {Ribli: 'Auch mit reduziertem Material hat Weiß die Initiative.'} Bg7 (
24... Ra8 {Ribli} 25. a5 e5 26. Bd2 $14) 25. Bd2 $1 (25. Bxg7 Kxg7 26. Rxd4 $14
(26. Rxe7 Ra8 (26... Rc3 $11)) (26. Rxd4 {Ribli} Rc2 $14 {[%csl Gc2][%cal
Gc2h2,Gc2a2,Ga2a4] Weiß hat einen Mehrbauern, aber angesichts der aktiven
schwarzen Turmstellung ist Remis wahrscheinlich.})) 25... Kf8 $6 (25... e5 $5)
26. a5 $2 (26. Bb4 $1 $16 {Tseshkovsky} Bf6 (26... Ra8 $5 27. Bc5 Bf6 {
kempinski} 28. Ba7 Ke8 29. Rb7 Kd8 30. Bb6+ Kc8 31. Rc7+ Kb8 32. a5 $18) 27.
Ra7 $1 Rb8 {Nisipeanu} 28. Bc5 Rc8 29. Bb6 e5 30. Bc7 e4 31. dxe4 d3 32. Kf1
Bd8 (32... Be5 33. Bxe5 Rc1+ 34. Kg2 d2 35. Bf6 $18) 33. Bf4 $1 {Hiarcs 6.0} (
33. Bd6+ Ke8) 33... Ke8 (33... Rc2 34. Ra8 $18) 34. a5 Rc2 35. Be3 Ra2 36. a6
Bf6 37. Ra8+ Kd7 38. a7 $18) 26... Ke8 (26... Rc2 $4 {Ribli} 27. Rd8#) 27. Rb7
Rc6 $1 {Ribli: 'Schwarz muß den Zug 28.a6 verhindern und der Textzug ist viel
aktiver als seine passive Alternative 27...Ra8.'} (27... Kd8 28. Bg5 $1) (27...
Ra8 {Ribli}) (27... Rc2 $2 {Ribli} 28. a6 Rxd2 29. a7 $16 {[%csl Ga7,Re8]}) 28.
Bg5 (28. Bb4 $142 Bf6 29. Ra7) (28. Kf1 $5 $14 {Ribli Weiß zentralisiert mit
diesem Zug zunächst seinen König und legt sich bezüglich seines weiteren
Planes noch nicht fest.}) 28... Bf6 29. Bxf6 Rxf6 {Ribli: 'Schwarz hat in
diesem Turmendspiel noch einige Probleme zu lösen, denn der entfernte weiße
Freibauer ist stets gefährlich. Mit gutem Spiel sollte er aber Remis halten
können.'} (29... exf6 $2 $16 {[%cal Gb7h7] Ribli}) 30. Rb4 Ra6 31. Ra4 {
Ribli: 'Das ist die ideale Aufstellung des weißen Turmes. Schwarz kann
praktisch nur Königszüge machen, denn auf Turmzüge kommt der weiße Freibauer
voran.'} (31. Rb5 $6 {Ribli} Kd7 {[%csl Gd7][%cal Gd7c6]}) 31... e5 32. f4 exf4
{'!?' Ribli.} (32... f6 {Ribli} 33. fxe5 fxe5 34. Kf2 Kd7 35. Kf3 Ke6 36. Ke4 {
[%csl Ga4,Ge4] Weiß steht schön, erreicht aber nichts konkretes.}) 33. gxf4 Ke7
34. Kf2 (34. Rxd4 $2 {Ribli} Rxa5 $11) 34... Ke6 35. Kf3 f5 $6 (35... Kf5 $142
36. Ra1 f6 37. h4 h6 38. Ra2 g5 39. fxg5 fxg5 40. hxg5 hxg5 41. Kg3 g4 $11) (
35... Kd5 {Ribli}) 36. h4 {Ribli: 'Weiß mobilisiert seine letzten Reserven,
droht in einigen Varianten h4-h5 zu ziehen. Zum Gewinn ist das aber nicht
ausreichend.'} h6 (36... Kd5 {Ribli}) 37. Kg3 Kf6 (37... Kd5) (37... Kd5 {Ribli
} 38. h5 $5 gxh5 (38... g5 39. Ra2 $14) 39. Kh4 Kc5 40. Kxh5 Kd5 41. Ra1 $14 {
[%csl Ra6,Rd5][%cal Ga1e1,Ge1e5]}) 38. Ra2 Kf7 {Ribli: 'Schwarz folgt einem
einfachen Plan, zieht nur noch ...Kf6-Kf7 und Weiß kann wirklich nichts
erreichen.'} 39. Ra1 Kf6 40. Ra2 {Ribli: 'Weiß hat die bessere Turmstellung,
aber Schwarz kann die Stellung mit Königszügen halten.'} Kf7 41. Kf2 Kf6 42.
Ke1 Kf7 (42... Ke6 43. Re2+ Kf6 44. Re5 g5 45. hxg5+ hxg5 46. Rb5 $16) (42...
g5 $5 {Ribli}) 43. Kd1 {Ribli: 'Weiß hat schöne Pläne für seinen König am
Damenflügel. Entfernt dieser sich aber zu weit vom Königsflügel, erlangt
Schwarz aktives Gegenspiel.'} Kf6 44. Ra1 (44. Ra3 g5 45. hxg5+ hxg5 46. fxg5+
Kxg5 47. Ke2 Kf4 48. Kf2 Rc6 $1 {Kempinski} (48... Kg4 49. Ra4 f4 50. Ra1 $22
$18 {[#]} Kf5 51. Kf3 Ke5 (51... Kg5 52. Ke4 Kg4 53. Rg1+ Kh5 54. Kxf4 Rxa5 55.
Ke4 Ra4 56. Kd5 Kh4 57. Kc5 Kh5 58. Rg8 Kh4 (58... Kh6 59. Rg4 Ra8 60. Rxd4 Kg6
61. Rd7) 59. Rd8 Kg5 60. Rxd4 Ra8 61. Rd6) 52. Rh1 $18 Ra8 (52... Rf6 53. a6)
53. Rh5+ Kd6 54. Kxf4 Re8 55. a6 Kc6 56. a7 Kb7 57. Ra5 Ka8 58. Ra4 Re7 59.
Rxd4 Kxa7 60. Rb4 Ka6 61. d4 Ka5 62. Rb1 $18) 49. a6 (49. Ra2 Rh6) 49... Rc2+
50. Kg1 Kg3 51. Kf1 Kf3 52. Ke1 Ke3 53. Kd1 Rc8 $11) (44. Kc2 {Ribli} g5) 44...
g5 {'=' Ribli.} 45. hxg5+ hxg5 46. fxg5+ Kxg5 47. Ke2 Kg4 (47... Kf4 48. Kf2
Rc6 49. a6 Rc2+ 50. Kg1 {<->1}) 48. Kf2 (48. Rg1+ {Ribli} Kf4 49. Ra1 Kg4 $11)
48... f4 $22 49. Rg1+ Kf5 50. Rh1 Kg5 (50... Kg5 51. Ra1 (51. Rg1+ {Ribli} Kf5
$11) 51... Kg4 52. Ra4 Rc6 (52... Rh6 53. a6 Rh2+ 54. Kg1) (52... Kf5 53. Kf3
Ke5 54. Ra1 Kf5 55. Ra2 $18) 53. a6 $1 (53. Ra2 $2 Rh6) (53. Ra1 $2 Rc2+ 54.
Ke1 Kf3 55. a6 Rh2 56. Ra5 Ke3 57. Re5+ Kxd3 58. Ra5) 53... Rc2+ 54. Ke1 Rc1+
$142 $1 (54... Kf3 55. a7 Ke3 56. Kd1 Rc8 57. a8=Q Rxa8 58. Rxa8 Kxd3 59. Ra3+
Ke4 60. Ke2 $18) (54... f3 55. a7 f2+ (55... Rc1+ 56. Kd2 f2 57. Rxd4+ Kg3 58.
a8=Q f1=Q 59. Qg8+ $18) 56. Kf1 Kg3 57. Ra1 $18) 55. Kd2 (55. Ke2 f3+) 55...
Rc8 56. Rxd4 (56. a7 Ra8 57. Ke2 Kg3 58. Ra6 f3+ 59. Kf1 Rh8 60. Rg6+ Kf4 $11)
56... Kg3 (56... Ra8 $2 57. Rd6 Kg3 58. d4 f3 59. Rg6+) 57. Rd7 f3 58. Rg7+ $8
Kf4 $3 (58... Kf2 59. a7 Kf1 60. d4 f2 61. d5 Rd8 62. Rd7 Rg8 63. d6 Kg1 64.
Rf7 f1=Q 65. Rxf1+ Kxf1 66. Ke3 $18) 59. Rf7+ (59. d4 f2 60. Ke2 Rc2+) 59...
Kg3 60. a7 f2 61. d4 Kg2 62. d5 f1=R 63. Rxf1 Kxf1 64. d6 Kf2 65. Kd3 Kf3 66.
Kd4 Kf4 67. Kd5 Kf5 68. d7 Ra8 $11) (50... Rxa5 $4 {Ribli} 51. Rh5+ $18 {
[%cal Rh5a5]}) 1/2-1/2

[Event "DEN-ch"]
[Site "Denmark"]
[Date "1996.??.??"]
[Round "2"]
[White "Danielsen, Henrik"]
[Black "Mortensen, Erling"]
[Result "1-0"]
[WhiteElo "2485"]
[BlackElo "2430"]
[Annotator "Petursson,M"]
[PlyCount "79"]
[EventDate "1996.??.??"]
[EventType "tourn"]
[EventRounds "9"]
[EventCountry "DEN"]
[EventCategory "9"]
[SourceTitle "CBM 053"]
[Source "ChessBase"]
[SourceDate "1996.08.01"]
[SourceVersion "1"]
[SourceVersionDate "1996.08.01"]
[SourceQuality "1"]

1. d4 Nf6 2. Nf3 g6 3. c4 Bg7 4. g3 O-O 5. Bg2 c5 6. O-O cxd4 7. Nxd4 Nc6 8.
Nc2 b6 9. Nc3 Bb7 10. b3 d6 11. Bb2 Nd7 12. Qd2 Qb8 13. Ne3 Re8 14. Ncd5 f6 15.
h4 Nce5 16. h5 e6 17. Nc3 Bxg2 18. Nxg2 Nf7 19. hxg6 hxg6 20. Rad1 Nde5 21. Ne3
f5 22. f4 Nd7 23. Nb5 Nf6 24. Bxf6 Bxf6 25. b4 Rd8 26. Nd4 Qc8 27. Nf3 a5 28.
b5 Qc5 29. Kg2 g5 30. fxg5 Nxg5 31. Nd5 exd5 32. Nxg5 dxc4 33. Ne4 fxe4 34.
Rxf6 $18 Ra7 (34... e3 35. Rg6+ Kf7 36. Qc2 Qe5 37. Rf1+ Ke7 38. Qxc4 $18) 35.
Qh6 Rh7 36. Rg6+ Kh8 37. Rh1 Qc7 38. Qg5 Rxh1 39. Qf6+ Kh7 40. Kxh1 1-0

[Event "Rohde op 09th"]
[Site "Sautron"]
[Date "2009.10.28"]
[Round "6"]
[White "Le Roux, Jean Pierre"]
[Black "Gharamian, Tigran"]
[Result "1-0"]
[WhiteElo "2474"]
[BlackElo "2611"]
[Annotator "RR"]
[PlyCount "127"]
[EventDate "2009.10.24"]
[EventType "swiss"]
[EventRounds "9"]
[EventCountry "FRA"]
[SourceTitle "EXT 2010"]
[Source "ChessBase"]
[SourceDate "2010.11.25"]
[SourceVersion "1"]
[SourceVersionDate "2010.11.25"]
[SourceQuality "1"]

1. Nf3 Nf6 2. c4 g6 3. b3 Bg7 4. Bb2 O-O 5. g3 c5 6. Bg2 Nc6 7. O-O d6 8. d4
cxd4 (8... Ne4 $5 {[%cal Gg7b2]}) 9. Nxd4 Bd7 (9... Qb6) 10. Nc2 {[%csl Gd4,
Gd5]} (10. Nc3 {la grande ligne}) 10... a6 11. Nc3 Rb8 12. Rc1 ({RR} 12. Qd2 b5
13. Ne3 bxc4 14. Nxc4 Na5 15. Ne3 Be6 16. Rac1 Qb6 17. Rc2 Rfc8 18. Rfc1 Bxb3
19. axb3 Nxb3 20. Ncd5 Rxc2 21. Qxc2 Nxd5 22. Nxd5 Qd8 23. Rb1 Nc5 24. Bxg7
Rxb1+ 25. Qxb1 Kxg7 26. Qb2+ f6 {Vaganian,R (2625)-Tal,M (2630)/Saint John
1988/EXT 1997/0-1 (63)}) (12. Nd5 Nxd5 13. Bxg7 Ne3 14. Nxe3 Kxg7) 12... b5 13.
Ne3 b4 $146 {[%csl Ra2][%cal Ga6a5,Ga5a4]} ({RR} 13... bxc4 14. Nxc4 Na5 15.
Ne3 Bc6 16. Qd2 Bxg2 17. Kxg2 Nc6 18. Ncd5 Nxd5 19. Nxd5 Bxb2 20. Rxc6 Bg7 21.
Rxa6 Kh8 22. e4 Qd7 23. Rc1 e6 24. Ne3 Qb7 25. Rac6 Ra8 26. Kg1 h5 27. h4 Kg8
28. Qc2 {Nakamura,H (2571)-Yudasin,L (2568)/New York 2004/CBM 098 ext/1/2-1/2 
(68)}) 14. Na4 (14. Nb1 Ng4 15. Bxg7 Nxe3 $132) 14... Na5 15. c5 $1 dxc5 (15...
Bxa4 $142 16. bxa4 Ng4 17. Bxg7 Nxe3) 16. Nxc5 $16 Bb5 17. Nd3 Bd7 $6 (17...
Bxd3 18. exd3 Nd5 19. Bxg7 Nxe3 20. fxe3 Kxg7 21. d4 {[%csl Gd4]}) (17... Bh6
$5 {[%cal Gh6c1]}) 18. Be5 Rb5 19. Bc7 Qe8 20. Ne5 $36 Bh6 21. Qd4 Be6 22. Nc6
$1 (22. f4) 22... Nb7 $2 23. Na7 (23. Rfd1 $5) 23... Bxe3 24. Qxe3 Nd5 25. Qd2
$6 (25. Qe5 $142 Nxc7 26. Qxc7) 25... Rc5 26. Bxd5 Rxd5 27. Qxb4 Nd6 28. Nc6 (
28. e4) 28... Qd7 29. Nb8 (29. e4 Rb5 30. Nxe7+ $1 Qxe7 31. Qxd6) 29... Qb5 30.
Nc6 Qxb4 31. Nxb4 Rd2 32. Rfe1 Nb5 (32... Ra8 $5 {[%cal Ga6a5]} 33. Rcd1 Rb2 {
[%cal Ga6a5]} 34. e4 Kf8 35. Bxd6 exd6 36. Rxd6 a5 $132) 33. Bf4 Rd4 34. Nc6 (
34. Nxa6) 34... Rd7 35. Rcd1 Re8 36. Rxd7 Bxd7 37. Rc1 f6 38. Be3 Kf7 39. Nb4
a5 40. Nd5 Rb8 41. f3 Rb7 42. Rc5 e6 43. Nf4 Ke8 44. Kf2 a4 (44... g5) (44...
Ke7) 45. bxa4 Nd6 46. a5 $1 $18 Rb2 47. Bd4 Rxa2 48. Bxf6 Kf7 49. Bd8 Ke8 50.
Bb6 Nb7 51. Rc7 Nd6 52. g4 Nb5 53. Rc5 Nd6 54. h4 Ra4 55. Nd3 Ra2 56. h5 Bb5
57. Nf4 Ba6 58. hxg6 hxg6 59. Re5 Kf7 60. Nxe6 Kf6 61. Bd4 Nc4 62. Re4+ Kf7 63.
Nd8+ Kf8 64. Bc5+ 1-0

[Event "Bayamo"]
[Site "Bayamo"]
[Date "1990.??.??"]
[Round "6"]
[White "Antunes, Antonio"]
[Black "Verduga Zavala, Denis"]
[Result "1/2-1/2"]
[WhiteElo "2445"]
[BlackElo "2405"]
[Annotator "Ribli,Z"]
[PlyCount "86"]
[EventDate "1990.04.??"]
[EventType "tourn"]
[EventRounds "13"]
[EventCountry "CUB"]
[EventCategory "8"]
[SourceTitle "CBM 018"]
[Source "ChessBase"]
[SourceDate "1990.10.01"]
[SourceVersion "1"]
[SourceVersionDate "1990.10.01"]
[SourceQuality "1"]

1. Nf3 Nf6 2. c4 c5 3. g3 g6 4. Bg2 Bg7 5. O-O O-O 6. Nc3 Nc6 7. a3 d5 (7... d6
8. d3 Bg4 {1/2-1/2 (32) Andersson,U (2635)-Kortschnoj,V (2655) Skelleftea 1989
CBM 014}) 8. d3 (8. cxd5 Nxd5 9. Nxd5 Qxd5 10. d3) 8... dxc4 9. dxc4 Bf5 10.
Be3 Ne4 11. Na4 $1 Na5 12. Nh4 {/\g4} Nd6 13. Bxc5 Naxc4 14. Nxf5 Nxf5 15. Qc2
Nxb2 $5 16. Nxb2 Rc8 17. Bxb7 Rb8 18. Bf3 Bxb2 19. Bxa7 Bxa1 20. Bxb8 Nd4 21.
Qe4 (21. Qa2 $5) 21... Bb2 22. Ba7 Nxf3+ 23. exf3 Qa5 24. Qxe7 Bxa3 25. Qe3 Bb2
26. h4 Bf6 27. Kg2 Qb5 28. Rc1 Re8 29. Qf4 Be5 30. Qg4 Qa6 31. Be3 h5 32. Qe4
Re6 33. Qd5 Bg7 34. Qd8+ Kh7 35. Rc2 (35. Rc8 Rxe3 $1) 35... Rd6 {(mhb: I
suspect strongly that this is the move played in the game, and that Rb6 is a
clerical error)} (35... Rb6 $4 36. Qxb6 {Ribli} (36. Qc7 $4 Rb1 37. Rc4 Qa2 38.
f4 Qa1 39. Qxf7 Rg1+ {-game (mhb: source)})) 36. Qc7 Rd1 37. Rc4 Qa2 38. f4 Qa1
39. Qxf7 Rg1+ 40. Kf3 Qd1+ 41. Ke4 Qb1+ 42. Kf3 Qd1+ 43. Ke4 Qb1+ 1/2-1/2

[Event "FRA-ch"]
[Site "Meribel"]
[Date "1998.08.20"]
[Round "7"]
[White "Prie, Eric"]
[Black "Chabanon, Jean Luc"]
[Result "1-0"]
[WhiteElo "2465"]
[BlackElo "2490"]
[Annotator "Ribli,Z"]
[PlyCount "79"]
[EventDate "1998.08.14"]
[EventType "tourn"]
[EventRounds "15"]
[EventCountry "FRA"]
[EventCategory "10"]
[SourceTitle "CBM 067"]
[Source "ChessBase"]
[SourceDate "1998.11.30"]
[SourceVersion "2"]
[SourceVersionDate "1998.11.01"]
[SourceQuality "1"]

{[%mdl 2688]} 1. Nf3 Nf6 2. c4 g6 3. g3 Bg7 4. Bg2 O-O 5. O-O c5 (5... d5 $5)
6. d4 cxd4 (6... d6 7. Nc3 Nc6 {Das ist eine Grundstellung der g3-Variante in
der Königsindischen Verteidigung. Ribli.}) 7. Nxd4 Nc6 8. Nc2 {Weiß geht so
dem Tausch mit ...Nxd4 aus dem Wege.} d6 9. Nc3 Be6 (9... Qa5 $5 10. Bd2 Qh5
$13) 10. b3 Qd7 {Schwarz bereitet den Tausch der weißfeldrigen Läufer vor.} (
10... Nd7 11. Bd2 {Es ist interessant, daß in vielen Varianten der Läufer auf
d2 besser als auf b2 steht, denn Weiß verhindert so die Fesselung seines
Spingers.} Nc5 12. Rc1 a5 13. Nd5 Rb8 14. Nce3 b5 $11) 11. Bb2 (11. Re1 Bh3 12.
Bh1 Ng4 (12... e6 13. Bb2 Rad8 14. e4 Ng4 15. Rb1 f5 16. exf5 Rxf5 17. f3 Nge5
18. Ne4 Rff8 19. f4 Bg4 20. Qd2 d5 21. cxd5 Nf3+ 22. Bxf3 Bxf3 23. Bxg7 Qxg7
24. d6 {1-0 Ernst,S-Van der Weide,K/Dutch op Dieren 1998 (70)}) 13. Bd2 (13.
Bb2 Qf5 14. Bf3 Qh5 15. Na4 Nce5 16. Bxb7 Rad8 17. Bf3 Nxf3+ 18. exf3 Ne5 19.
Nd4 Bc8 20. Nc3 Bb7 21. Kg2 Ng4 22. h3 Nxf2 23. Kxf2 Bxd4+ 24. Kg2 Be5 25. Qe2
Qg5 26. Qf2 f5 27. Nd5 Bxd5 28. cxd5 Bxb2 29. Qxb2 f4 30. g4 Rc8 31. Qf2 Rc3 {
1/2-1/2 Schulz,K-Rechmann,P/Porz 1990 (31)}) 13... Qf5 14. f3 Qc5+ 15. e3 Nf6
16. Na4 (16. Rc1 a6 17. a4 Rfd8 18. Ne2 Rac8 19. Ncd4 Nb4 20. Nf4 Bd7 {0-1
Barbero,G-Adorjan,A/Hun-chT 1992 (40)}) 16... Qh5 17. e4 b5 18. cxb5 Qxb5 19.
Be3 d5 20. Nc3 Qa5 21. exd5 Rad8 {1/2-1/2 Fominyh,A-Ovsejevitsch,S/Alushta
1994 (34)}) 11... Bh3 12. Rb1 $5 (12. Ne3 Bxg2 13. Kxg2 Rfd8 14. Qd2 e6 15.
Rfd1 d5 16. cxd5 exd5 17. Ncxd5 Nxd5 18. Nxd5 Qxd5+ 19. Qxd5 Rxd5 20. Rxd5 Bxb2
21. Rad1 Kf8 22. e3 Bf6 23. Rd7 Rb8 24. f4 Ke8 25. Kf3 Rd8 26. Rxd8+ Bxd8 27.
e4 f6 28. h4 Bb6 29. h5 Nd4+ 30. Kg4 Kf7 31. hxg6+ {1/2-1/2 Kasparov,G-Kramnik,
V/Frankfurt 1998 (31)}) 12... Bxg2 13. Kxg2 e6 14. e4 {Wir haben eigentlich
eine Igelstellung. Weiß kontrolliert mehr Raum, während die schwarze Stellung
etwas passiv, aber ohne Schwächen ist.} Rad8 (14... Rfd8 15. Qf3 a6 16. Rfd1
Qc7 (16... Qe7 17. a4 Ne8 18. Qe3 Ne5 19. Qe2 b6 20. f3 Qb7 21. Ne3 Rac8 22.
Rd2 Nd7 23. Qd1 Nc5 24. Rc1 {1-0 Khasin,A-Utemov,V/Gorky 1989 (42)}) 17. a4
Rac8 18. h3 Ne5 19. Qe3 Ned7 20. Ba3 Bf8 21. Qf3 Ne8 22. Bc1 Ne5 23. Qe2 Bg7
24. Bg5 Rd7 25. Nd4 Qa5 {1/2-1/2 Gulko,B-Makarichev,S/Tallin 1983 (35)}) 15.
Ne3 {Weiß verhindert den Zentrumsvorstoß ...d6-d5.} a6 $11 16. a4 (16. Qe2)
16... Ne7 (16... Qc7) 17. Re1 Qc6 {[%cal Gc6g2]} 18. Kg1 (18. Qf3 Nd7 {[%cal
Gd7e5]}) 18... h5 (18... Nxe4 $2 19. Nxe4 Bxb2 20. Rxb2 Qxe4 21. Nd5 $18) 19.
Ng2 Qc5 (19... Rc8) 20. Nf4 Nc6 (20... Rc8 21. Nd3 Qc6) 21. Nd3 Qa5 22. Rc1 Ng4
23. Kg2 (23. Re2 Nd4 24. Rd2) (23. Ne2 Bxb2 24. Nxb2 Nge5 $15) 23... Qb6 24.
Ba1 Bd4 (24... Nb4 $5 25. Rf1 (25. Nxb4 Qxf2+) (25. Re2 Nxd3 26. Qxd3 Qxb3 27.
Rb1 Qa3) 25... Bxc3 26. Rxc3 Na2 27. Rc2 Qxb3 $15) (24... Nce5 $15) 25. Re2
Nce5 26. h3 (26. Nxe5 dxe5 $17 {[%csl Gd4][%cal Gd8d1]}) 26... Nxd3 27. Qxd3
Ne5 (27... Nxf2 28. Qc2 (28. Qd2 $5) 28... f5 29. exf5 Qc6+ (29... Rxf5 30.
Rxe6 Qc6+ 31. Nd5 Bxa1 32. Rxg6+ $18) 30. Kh2 Rxf5 31. Rxe6 $14) 28. Qd1 Nc6
29. Rd2 f5 $6 {Dieser Zug scheint mir zu optimistisch zu sein.} (29... Be5 30.
f4 Bg7) 30. a5 $1 Qa7 (30... Qc5 31. b4 Qxb4 32. Rxd4 Nxd4 33. Qxd4 Qxa5 34.
Nd5 $16 {[%csl Rg8][%cal Ra1h8]}) 31. exf5 Rxf5 (31... exf5 32. Nd5 $16) 32.
Ne4 e5 (32... Bxa1 33. Rxa1 d5) 33. b4 b6 $2 (33... Bxa1 34. Rxa1 Nd4 35. Rc1)
34. b5 $1 axb5 35. cxb5 Nxa5 {[#]} 36. Rxd4 $1 $16 (36. Bxd4 exd4 37. Rxd4 $14)
36... exd4 37. Qxd4 {[%csl Rg8] Weiß übt starken positionellen Druck in der
a1-h8-Diagonale aus. Die Partie ist praktisch entschieden.} Kh7 38. Nf6+ Kh6 (
38... Rxf6 39. Qxf6 $16) 39. Qe3+ $18 g5 (39... Kg7 40. Rc7+ Qxc7 41. Ne8+ {
[%cal Ra1g7,Re8g7,Re8c7]}) 40. Qe6 {[%csl Ge6,Gf6,Rh6] Schwarz hat
Materialvorteil, muß sich aber angesichts der vielen Drohungen geschlagen
geben.} 1-0

[Event "Hoogovens-B"]
[Site "Wijk aan Zee"]
[Date "1990.01.??"]
[Round "9"]
[White "Damljanovic, Branko"]
[Black "Winants, Luc"]
[Result "1/2-1/2"]
[WhiteElo "2535"]
[BlackElo "2455"]
[Annotator "Ribli,Z"]
[PlyCount "42"]
[EventDate "1990.01.??"]
[EventType "tourn"]
[EventRounds "11"]
[EventCountry "NED"]
[EventCategory "9"]
[SourceTitle "CBM 017"]
[Source "ChessBase"]
[SourceDate "1990.08.01"]
[SourceVersion "1"]
[SourceVersionDate "1990.08.01"]
[SourceQuality "1"]

1. Nf3 Nf6 2. c4 c5 3. Nc3 Nc6 4. g3 d5 5. cxd5 Nxd5 6. Nxd5 Qxd5 7. Bg2 g6 8.
O-O Bg7 9. d3 O-O {-> A 38} 10. Be3 Bd7 11. Nd4 Qd6 12. Nxc6 Bxc6 13. Bxc6 Qxc6
14. Rc1 Qe6 15. Rxc5 Qxa2 16. Rb5 a6 $5 {16...b6 17.Qa1, Qe6! (17...Qxa1 +/=
Karpov-Ribli Amsterdam 1980) 18.Qa6,(18.Rb4, Rfc8!? 19.Qa4,  Kochiev,A-Hansen,
C Moscow 1989) 18...Qd7 19.Ra1, Qg4!(19...h5 20.Rb4  Ivanov-Timman Luzerne ol
1982) 20.Re1, Qd7 21.Ra1, Qg4! = Langeweg} 17. Rb6 Rac8 18. Rxb7 Rb8 19. Rxe7
Rxb2 20. Bf4 {20.d4, Rxe2 21.Qd3, Bh6! = Andersson,U-Winants,L Bruxelles WCup
1988 CBM/7} a5 21. d4 Bf6 1/2-1/2